| 000 | 00768nam a2200205Ia 4500 | ||
|---|---|---|---|
| 008 | 0000001982 gw a 0000000000ger00 | ||
| 090 | _aPSP00 T67c | ||
| 100 | 1 |
_aToral, Christobal _d1940 |
|
| 245 | 1 | 0 |
_aChristobal Toral _b: bilder, zeichnungen _c/ fotos Juan Dolcet |
| 300 |
_a[68] p. _c/ 20 cm. |
||
| 500 | _aExposición realizada en Levy, Hamburg, Febrero 1 Marzo 19, 1982 \Con el patronazgo del maestro venezolano Jesús Rafael Soto (q.e.p.d.) \ | ||
| 600 | 0 | 0 |
_aTORAL, CRISTOBAL, 1940 / _xTRABAJOS PICTORICOS |
| 650 | 1 | 4 | _aARTE CONTEMPORANEO ESPAÑOL |
| 650 | 1 | 4 | _xCATALOGOS |
| 650 | 1 | 4 | _xEXPOSICIONES |
| 650 | 1 | 4 | _aPINTORES ESPAÑOLES |
| 650 | 1 | 4 | _aPINTURA ESPAÑOLA |
| 700 | 1 | _aDolcet, Juan | |
| 999 |
_c7273 _d7273 |
||
| 260 |
_aHamburg : Thomas Levy _c1982 |
||